Northernmost/Southernmost Countries - Statistics

General Stats
  • This quiz has been taken 1,312 times
  • The average score is 10 of 10
Answer Stats
Degrees (°) Answer % Correct
83°06' N Canada
99%
52°37' S New Zealand
99%
80°49' N Norway
99%
81°51' N Russia
99%
55°04' S Argentina
98%
54°47' S Australia
98%
56°30' S Chile
98%
70°05' N Finland
98%
46°59' S South Africa
96%
71°23' N United States
96%
No matching quizzes found
Score Distribution
Percent of People with Each Score
Percentile by Number Answered
Your Score History
You have not taken this quiz